The life of Muhammad (PBUH) / (Record no. 125211)

MARC details
000 -LEADER
fixed length control field 00783nam a22002417a 4500
005 - DATE AND TIME OF LATEST TRANSACTION
control field 20170124105950.0
010 ## - LIBRARY OF CONGRESS CONTROL NUMBER
LC control number A-709421
020 ## - INTERNATIONAL STANDARD BOOK NUMBER
Terms of availability 75.00
International Standard Book Number 8174350047
035 ## - SYSTEM CONTROL NUMBER
System control number A-709421
037 ## - SOURCE OF ACQUISITION
Source of stock number/acquisition Cen Lib/Ret
040 ## - CATALOGING SOURCE
Original cataloging agency DPL
Language of cataloging EN
082 ## - DEWEY DECIMAL CLASSIFICATION NUMBER
Classification number 270.33
Item number SID
100 ## - MAIN ENTRY--PERSONAL NAME
Personal name Siddiqui, Abdul Hameed
9 (RLIN) 13385
245 ## - TITLE STATEMENT
Title The life of Muhammad (PBUH) /
Statement of responsibility, etc by Abdul Hammed Siddqui
246 ## - VARYING FORM OF TITLE
Remainder of title
260 ## - PUBLICATION, DISTRIBUTION, ETC. (IMPRINT)
Name of publisher, distributor, etc Adam Publishers & Disributors
Place of publication, distribution, etc New Delhi
Date of publication, distribution, etc 1994
270 ## - ADDRESS
City Shandar Market , Chitli Qabar
Address Delhi
Postal code 110006
300 ## - PHYSICAL DESCRIPTION
Extent vii, 340p.
Dimensions 21cm(Hb)
500 ## - GENERAL NOTE
General note Includes bibliographical references and index.
650 ## - SUBJECT ADDED ENTRY--TOPICAL TERM
Topical term or geographic name as entry element MuḼammad, -- Prophet, -- -632.
9 (RLIN) 85366
650 ## - SUBJECT ADDED ENTRY--TOPICAL TERM
Topical term or geographic name as entry element MuḼammad, -- Prophet, -- -632.
9 (RLIN) 85367
942 ## - ADDED ENTRY ELEMENTS (KOHA)
Source of classification or shelving scheme Dewey Decimal Classification
Koha item type English Books
Classification part 270.33
Call number suffix SID
Holdings
Withdrawn status Lost status Damaged status Not for loan Home library Current library Date acquired Source of acquisition Cost, normal purchase price Total Checkouts Full call number Barcode Date last seen Copy number Cost, replacement price Price effective from Koha item type
        Central Library Central Library 20/06/2015 Cen Lib/Ret 75.00   270.33 SID A-709421 20/06/2015 1 75.00 20/06/2015 English Books

© Delhi Public Library
Hit Counter
free hit counter